A TEXT BOOK OF DRAVYAGUNA VIJNANA (Record no. 8592)

MARC details
000 -LEADER
fixed length control field 00310nam a22001337a 4500
003 - CONTROL NUMBER IDENTIFIER
control field SGT
082 ## - DEWEY DECIMAL CLASSIFICATION NUMBER
Classification number 612.015
Item number T11H
100 ## - MAIN ENTRY--PERSONAL NAME
Personal name HEGDE, PRAKASH
245 ## - TITLE STATEMENT
Title A TEXT BOOK OF DRAVYAGUNA VIJNANA
260 ## - PUBLICATION, DISTRIBUTION, ETC. (IMPRINT)
Place of publication, distribution, etc VARANASI
Name of publisher, distributor, etc CHAUKHAMBHA PUB
Year of Publication 2011
300 ## - PAGE DESCRIPTION
No. of Pages 631
650 ## - SUBJECT ADDED ENTRY--TOPICAL TERM
Topical term or geographic name as entry element DRAVYAGUNA VIJNANA
942 ## - ADDED ENTRY ELEMENTS (KOHA)
Source of classification or shelving scheme Dewey Decimal Classification
Koha item type Books
942 ## - ADDED ENTRY ELEMENTS (KOHA)
-- 7
Holdings
Withdrawn status Lost status Source of classification or shelving scheme Damaged status Not for loan Collection code Home library Current library Shelving location Date acquired Vendor Name Cost, normal purchase price SGTU Bill Number Total Checkouts Full call number Accession No. (Barcode) Date last seen Bill Date Koha item type Date last borrowed
    Dewey Decimal Classification     AYURVEDA SGT FA-FP Library SGT FA-FP Library Text Book 25/03/2016 CHAUKHAMBHA 595.00 SGTU CP/B/776   612.015 T11H FA4434 25/03/2016 05/01/2016 Books  
    Dewey Decimal Classification     AYURVEDA SGT FA-FP Library SGT FA-FP Library Text Book 25/03/2016 CHAUKHAMBHA 595.00 SGTU CP/B/776 7 612.015 T11H FA4435 16/10/2019 05/01/2016 Books 16/10/2019
    Dewey Decimal Classification     AYURVEDA SGT FA-FP Library SGT FA-FP Library Text Book 25/03/2016 CHAUKHAMBHA 595.00 SGTU CP/B/776 15 612.015 T11H FA4436 20/09/2023 05/01/2016 Books 20/09/2023
    Dewey Decimal Classification     AYURVEDA SGT FA-FP Library SGT FA-FP Library Text Book 25/03/2016 CHAUKHAMBHA 595.00 SGTU CP/B/776 10 612.015 T11H FA4437 27/05/2026 05/01/2016 Books 13/05/2026
    Dewey Decimal Classification     AYURVEDA SGT FA-FP Library SGT FA-FP Library Text Book 25/03/2016 CHAUKHAMBHA 595.00 SGTU CP/B/776 9 612.015 T11H FA4438 30/05/2019 05/01/2016 Books 28/05/2019
    Dewey Decimal Classification     AYURVEDA SGT FA-FP Library SGT FA-FP Library Text Book 25/03/2016 CHAUKHAMBHA 595.00 SGTU CP/B/776 14 612.015 T11H FA4439 23/04/2026 05/01/2016 Books 09/04/2026